书目信息 |
| 题名: |
国际私法
|
|
| 作者: | 徐冬根 , 王国华 , 萧凯 著 | |
| 分册: | ||
| 出版信息: | 北京 清华大学出版社 2005.8 |
|
| 页数: | X,356页 | |
| 开本: | 26cm | |
| 丛书名: | ||
| 单 册: | ||
| 中图分类: | D997-43 | |
| 科图分类: | ||
| 主题词: | 国际私法--guo ji si fa--高等学校--教材 | |
| 电子资源: | ||
| ISBN: | 7-302-10779-3 | |
| 000 | 01388cam0 2200325 450 | |
| 001 | 012005060398 | |
| 005 | 20051110101010.1 | |
| 010 | @a7-302-10779-3@dCNY32.00 | |
| 100 | @a20050716d2005 em y0chiy0121 ea | |
| 101 | 0 | @achi |
| 102 | @aCN@b110000 | |
| 105 | @ay n 000yy | |
| 200 | 1 | @a国际私法@Aguo ji si fa@d= Private international law@f徐冬根,王国华,萧凯著@zeng |
| 210 | @a北京@c清华大学出版社@d2005.8 | |
| 215 | @aX,356页@d26cm | |
| 300 | @a21世纪普通高等学校法学系列教材 | |
| 314 | @a徐冬根,瑞士法学博士,上海交通大学法学院教授,合著《国际私法》等。 | |
| 314 | @a王国华,女,法学博士,上海交通大学法学院国际法研究所副教授,合著《国际私法》等。 | |
| 314 | @a萧凯,副教授,现执教于上海交通大学法学院,合著《国际私法》等。 | |
| 330 | @a本书包括绪论、涉外民事关系的法律适用、涉外商事关系的法律适用、涉外争议解决机制四个部分,全面阐释了国际私法的基础理论,并以我国的现行立法、判例和学说为主体,比较域外先进立法、司法实践,从而把握本学科的理论与实务发展趋势。 | |
| 333 | @a阅读对象:高等学校法学系列本科生和法律硕士研究生 | |
| 510 | 1 | @aPrivate international law@zeng |
| 606 | 0 | @a国际私法@Aguo ji si fa@x高等学校@j教材 |
| 690 | @aD997-43@v4 | |
| 701 | 0 | @a徐冬根@Axu dong gen@4著 |
| 701 | 0 | @a王国华@Awang guo hua@c(女)@4著 |
| 701 | 0 | @a萧凯@Axiao kai@4著 |
| 801 | 0 | @aCN@bSRXX@c20050901 |
| 801 | 2 | @aCN@bSRXX@c20051110 |
| 905 | @a10447@dD997-43@eX692 | |
| 国际私法= Private international law/徐冬根,王国华,萧凯著.-北京:清华大学出版社,2005.8 |
| X,356页;26cm |
| 21世纪普通高等学校法学系列教材.-使用对象:阅读对象:高等学校法学系列本科生和法律硕士研究生 |
| ISBN 7-302-10779-3:CNY32.00 |
| 本书包括绪论、涉外民事关系的法律适用、涉外商事关系的法律适用、涉外争议解决机制四个部分,全面阐释了国际私法的基础理论,并以我国的现行立法、判例和学说为主体,比较域外先进立法、司法实践,从而把握本学科的理论与实务发展趋势。 |
| ● |
| 相关链接 |
|
|
|
正题名:国际私法
索取号:D997-43/X692
 
预约/预借
| 序号 | 登录号 | 条形码 | 馆藏地/架位号 | 状态 | 备注 |
| 1 | 544465 | 205444651 | 社科库509/509社科库 111排2列3层/ [索取号:D997-43/X692] | 在馆 | |
| 2 | 544466 | 205444660 | 社科库509/509社科库 111排2列3层/ [索取号:D997-43/X692] | 在馆 | |
| 3 | 544467 | 205444679 | 社科库509/509社科库 111排2列3层/ [索取号:D997-43/X692] | 在馆 |